The 21 irrefutable laws of leadership : (Record no. 24352)

MARC details
000 -LEADER
fixed length control field 01173nam a22002057a 4500
020 ## - INTERNATIONAL STANDARD BOOK NUMBER
ISBN 9781400336203
041 ## - LANGUAGE CODE
Language code of text/sound track or separate title English
082 ## - DEWEY DECIMAL CLASSIFICATION NUMBER
Classification number 658.4092
Item number MAX
100 ## - MAIN ENTRY--AUTHOR NAME
Author name Maxwell, John C.
245 14 - TITLE STATEMENT
Title The 21 irrefutable laws of leadership :
Sub Title follow them and people will follow you /
Statement of responsibility, etc John C. Maxwell.
260 ## - PUBLICATION, DISTRIBUTION, ETC. (IMPRINT)
Place of publication Nashville :
Name of publisher Harper Collins ,
Year of publication 2012.
300 ## - PHYSICAL DESCRIPTION
Number of Pages xx, 313 pages ;
Dimensions 24 cm.
504 ## - BIBLIOGRAPHY, ETC. NOTE
Bibliography, etc Includes bibliographical reference.
505 ## - FORMATTED CONTENTS NOTE
Formatted contents note Contents -- 1.The law of the lid -- 2.The law of influence -- 3.The law of process -- 4.The law of navigation -- 5.The law of addition -- 6.The law of solid ground -- 7.The law of respect -- 8.The law of intuition -- 9.The law of magnetism -- 10.The law of connection -- 11.The law of inner circle -- 12.The law of empowerment -- 13.The law of the picture -- 14.The law of buy-in -- 15.The law of victory -- 16.The law of the big mo -- 17.The law of priorities -- 18.The law of scrifice -- 19.The law of timing -- 20.The law of explosive growth -- 21.The law of legacy
650 ## - SUBJECT ADDED ENTRY--TOPICAL TERM
Subject Leadership.
650 ## - SUBJECT ADDED ENTRY--TOPICAL TERM
Subject Success in business.
650 ## - SUBJECT ADDED ENTRY--TOPICAL TERM
Subject Industrial management.
942 ## - ADDED ENTRY ELEMENTS (KOHA)
Source of classification or shelving scheme Dewey Decimal Classification
Koha item type Books
Holdings
Withdrawn status Lost status Source of classification or shelving scheme Damaged status Not for loan Home library Current library Shelving location Date acquired Source of acquisition Cost, normal purchase price Bill Date Full call number Accession Number Price effective from Koha item type
    Dewey Decimal Classification     Institute of Public Enterprise, Library Institute of Public Enterprise, Library S Campus 05/20/2026 Feel Books Pvt 550.00 20-04-2026 658.4092 MAX 51070 05/20/2026 Books

Maintained and Designed by
2cqr automation private limited, Chennai. All Rights Reserved.

You are Visitor Number

PHP Hits Count